000 00296nam a22001217a 4500
008 171009b xxu||||| |||| 00| 0 eng d
041 _aeng
080 _25TH
_a159.9
100 _a49
101 _aPSI
245 _aSOCIAL PSYCHOLOGY: UNDERSTANDING HUMAN INTERACTION
_cBARON,R.A
942 _2udc
_cBK
999 _c32613
_d32613